000 00414nam a2200157 a 4500
001 4107
005 20140414132020.0
008 090126s19uu xx 00 eng d
020 _a0-439-28721-9
050 _aTR
_bJ56 2001
100 _aMay, Darcy
245 _aJingle bells /
_cillustrated by Darcy May.
260 _aNew York :
_bScholastic,
_cc2001.
300 _a1 v. (unpaged) : col., ill.
999 _c113454
_d113454